Statistics for Monsters, Inc. - Characters by Picture

Click here to take the quiz!

General Stats

  • This quiz has been taken 38 times
  • The average score is 12 of 81

Answer Stats

Answer% Correct
Mike Wazowski
97%
James P. 'Sulley' Sullivan
90%
Boo
87%
Randall Boggs
87%
Roz
65%
Henry J. Waternoose III
48%
Celia Mae
42%
Yeti
42%
Art
32%
Terri & Terry Perry
32%
Dean Abigail Hardscrabble
29%
Don Carlton
29%
George Sanderson
29%
Scott 'Squishy' Squibbles
26%
Johnny J. 'The Jaw' Worthington III
23%
Librarian
23%
Fungus
19%
Charlie Proctor
13%
Chet 'The Claw' Alexander
13%
Karen Graves
13%
Needleman
13%
Pete 'Claws' Ward
13%
Prof. Derek Knight
13%
Smitty
13%
Thaddeus Bile
13%
Archie the Scare Pig
10%
Brock Pearson
10%
Claire Wheeler
10%
Jerry Slugworth
10%
Ricky Plesuski
10%
Augustus 'Spike' Jones
6%
Betty
6%
Bob Peterson
6%
Carla 'Killer Claws' Benitez
6%
Duncan P. Anderson
6%
Frank
6%
'Frigtening' Frank McCay
6%
Fritz
6%
Gary Gibbs
6%
Josh 'Noodles' Rivera
6%
Katherine 'Cutter' Sterns
6%
Marge
6%
Ms. Flint
6%
Omar Harris
6%
Roze
6%
Sherry Squibbles
6%
Tony
6%
Tylor Tuskman
6%
Val Little
6%
Waxford
6%
Barboso Goretega
3%
Bernard Tuskmon
3%
Brynn Larson
3%
Carla Delgado
3%
Carrie Williams
3%
Chip Goff
3%
Debbie Gabler
3%
Dirk Pratt
3%
Donna Soohoo
3%
Harley Gerson
3%
Harry 'Bud' Luckey
3%
'Howling' Javier Rios
3%
Maria Garcia
3%
Millie Tuskmon
3%
Nadia Petrov
3%
Nancy Kim
3%
Nick 'Lanky' Schmidt
3%
Otis
3%
Percy Boleslaw
3%
Prof. William Brandywine
3%
Reggie 'Bruiser' Jacobs
3%
Rhonda Boyd
3%
Rosie Levin
3%
Roto
3%
Roy 'Big Red' O'Growlahan
3%
Sonia Lewis
3%
Susan Jensen
3%
Ted Pauley
3%
Violet Steslicki
3%
Winchester / Banana Bread
3%
Mr. Crummyham
0%

Score Distribution

Percentile by Number Answered

Percent of People with Each Score

Your Score History

You have not taken this quiz